Statistiques concernant Personnages de fiction en images - T

Cliquez ici pour prendre le quiz!

Statistiques générales

  • Ce quiz a été pris 31 814 fois
  • Le résultat moyen est 14 sur 20

Statistiques - réponses

Réponse% Correct
Tarzan
99%
Tintin
99%
Titeuf
98%
Thor
95%
Tigrou
95%
Titi
94%
Tom
91%
Toad
89%
T'choupi
88%
Thanos
83%
Tortank
73%
Timon
69%
Totoro
66%
Terminator T-800
65%
Taz
64%
Tiana
59%
Tony Montana
37%
Tanguy
25%
Trinity
20%
Tweedledum et Tweedledee
10%

Distribution des résultats

Percentile par nombre de réponses

% des personnes avec chaque résultat

Votre développement - résultats

Vous n’avez pas pris ce quiz